000 00972nam a2200277 i 4500
003 EG-GICUC
005 20260121101634.0
008 260101s1927 fr ||||fr|||| 001 0 fre d
040 _aEG-GiCUC
_bfre
_cEG-GiCUC
_dEG-GiCUC
_eRda
041 _afre
082 0 4 _221
_a341.28
_bRE . M
092 0 4 _221
099 _aLaw1 11 341.28 RE . M 1927
100 1 _aRees, D. F. W. Van
_eAuteur
245 1 4 _aLes Mandats Internationaux :
_bLe Contrôle International De L'administration Mandataire /
_cD. F. W. Van Rees.
264 1 _aparis :
_bRousseau & Co, Editeurs,
_c1927
300 _a145 page ;
_c 24 cm.
336 _2rda contenu
_a texte
337 _2rda medias
_aOrdinateur
338 _2 transporteur rda
_a Ressource en ligne
546 _aTexte en français
650 1 _aTerritoires non autonomes -- Statut international
_xDroit international public
856 4 0 _uhttps://fll.law.cu.edu.eg/fulltext/bks/B11-06566.pdf
905 _a75
942 _2ddc
_n0
_cBK
_e21
999 _c53800
_d53800